Datum a čas kvízu
28.5
Celkem bodů
Celkový počet nahraných bodů na tomto kvízu bez doplňovacích otázek.
5.
Pořadí na kvízu
Konečné umístění týmu na tomto kvízu.
Zaznamenané odpovědi
| # | Otázka | Odpověď | Body | Výsledky |
|---|---|---|---|---|
| 1. | Dopravní podnik hlavního města... | o bezkontaktní platební terminály | 1 | |
| 2. | Okázalé zahájení návštěvy seve... | Strojvůdce přejel místo, kde byl připraven červený koberec. | 0 | |
| 3. | Hlavní roli v pětadvacátém fil... | Rami Malek | 1 | |
| 4. | Jistý český internetový portál... | Seznam.cz | 0 | |
| 5. | Petra Kvitová se na antukovém... | Stuttgart | 1 | |
| 6. | Na obrázku vidíme nizozemské m... | Gouda | 0 | |
| 7. | Jak se jmenuje bývalá nizozems... | Beatrix | 1 | |
| 8. | Nizozemsko se může pyšnit slav... | Hieronymus Bosch | 0 | |
| 9. | Nadnárodní společnost, která s... | Ahold | 1 | |
| 10. | Mezi nejoblíbenější sporty v N... | PSV Eindhoven | 1 |